Recreación para la tercera edad : una propuesta para mejorar su calidad de vida /

Detalles Bibliográficos
Otros Autores: Cigarini, Silvina N. (Disertante), Vaquero, María Del Carmen (Orientador), Pascale, Juan Carlos (Orientador)
Formato: Tesis Libro
Publicado: 2000.
Materias:
Etiquetas: Agregar Etiqueta
Sin Etiquetas, Sea el primero en etiquetar este registro!

MARC

LEADER 00000nam a22000004a 4500
001 AR-BbUGT3904
003 AR-BbUGT
005 20210928063349.0
007 ta
008 061101t2000 |||a m |0|||0| d
999 |c 11219  |d 11219 
040 |a AR-BbUGT  |b spa  |c AR-BbUGT 
082 0 4 |a 380.14 
100 1 |a Cigarini, Silvina N.   |4 dis 
245 1 0 |a Recreación para la tercera edad :   |b una propuesta para mejorar su calidad de vida /   |c Silvina N. Cigarini. 
260 |c 2000. 
300 |a 52 p. :   |b il. 
502 |a Tesis (grado)--Universidad Nacional del Sur. Departamento de Geografía y Turismo, 2000. 
653 |a Recreación 
653 |a Tercera edad 
653 |a Adultos mayores 
653 |a Tesis de grado 
700 1 |a Vaquero, María Del Carmen  |4 ths. 
700 1 |a Pascale, Juan Carlos  |4 ths.  |9 827 
710 2 |a Universidad Nacional del Sur.  |b Departamento de Geografía y Turismo  |4 dgg.  |9 48 
942 |c BK  |h 380.14  |i C348  |2 ddc  |6 380_140000000000000_C348